| 000 | 00388nam a2200157Ia 4500 | ||
|---|---|---|---|
| 005 | 20250405124328.0 | ||
| 008 | 240331s9999 xx 000 0 und d | ||
| 082 |
_bSEL _a894 |
||
| 100 | _aSelvanayagam, V | ||
| 245 | 0 | _aThamil ilakkiya varalaru | |
| 250 | _a5th | ||
| 260 |
_aColombo _bKumaran Pathippagam _c1973 |
||
| 300 | _a224 p ., | ||
| 500 | _aTamil Illakiya Varalarru | ||
| 942 | _cL | ||
| 999 |
_c4119 _d4119 |
||